000 00435nam a2200157 i 4500
001 101607
003 ES-MaACL
005 20230906182937.0
007 t|
008 051020s1959 sp ||||1| spa d
100 1 _aMelado Prado, Manuel.
_979882
245 1 0 _aAlma y barro /
_cManuel Melado Prado.
260 _aSevilla :
_b[s.n.],
_c1959 (
_fEl Adalid)
300 _a77 p. :
_bil. ;
_c21 cm.
852 _aES-MaACL
_jC-48441
_bR.72278
999 _c101607
_d101607